ইকবাল / (Record no. 47763)
[ view plain ]
| 000 -LEADER | |
|---|---|
| fixed length control field | 01005nam a2200241 a 4500 |
| 001 - CONTROL NUMBER | |
| control field | 47763 |
| 003 - CONTROL NUMBER IDENTIFIER | |
| rucl marc code | BD-RjUL |
| 005 - DATE AND TIME OF LATEST TRANSACTION | |
| control field | 20211209054404.0 |
| 008 - FIXED-LENGTH DATA ELEMENTS--GENERAL INFORMATION | |
| fixed length control field | 160531b1964 bg a|||| |||| 00| 0 ben d |
| 020 ## - INTERNATIONAL STANDARD BOOK NUMBER | |
| Terms of availability | : IRs4.50 |
| 035 ## - SYSTEM CONTROL NUMBER | |
| System control number | (BD-RjUL)47882 |
| 040 ## - CATALOGING SOURCE | |
| Original cataloging agency | BD-RjUL |
| Language of cataloging | ben |
| Transcribing agency | BD-RjUL |
| 041 ## - LANGUAGE CODE | |
| Language code of text/sound track or separate title | ben |
| 082 ## - DEWEY DECIMAL CLASSIFICATION NUMBER | |
| Edition number | 23 |
| Classification number | 891.4392 |
| Author mark and year | SHI 1964 |
| 100 ## - MAIN ENTRY--PERSONAL NAME | |
| Personal name | শহীদুল্লাহ, মুহাম্মদ |
| 9 (RLIN) | 127441 |
| 245 10 - TITLE STATEMENT | |
| Title | ইকবাল / |
| Statement of responsibility, etc. | মুহাম্মদ শহীদুল্লাহ |
| 250 ## - EDITION STATEMENT | |
| Edition statement | নতুন সং |
| 260 ## - PUBLICATION, DISTRIBUTION, ETC. (IMPRINT) | |
| Place of publication, distribution, etc. | ঢাকা : |
| Name of publisher, distributor, etc. | রেনেসাসঁ প্রিন্টার্স, |
| Date of publication, distribution, etc. | ১৯৬৪ |
| 300 ## - PHYSICAL DESCRIPTION | |
| Pagination | [১০],১৩৬ পৃ.: |
| Illustrations | চিত্র ; |
| Size | ২১ সেমি. |
| 600 ## - SUBJECT ADDED ENTRY--PERSONAL NAME | |
| Personal name | ইকবাল, মাহমুদ |
| Titles and other words associated with a name | স্যার |
| Dates associated with a name | ১৮৭৭-১৯৩৮ |
| General subdivision | সমালোচনা এবং ব্যাখা |
| Personal name | Iqbal, Muhmmud, |
| Titles and other words associated with a name | Sir, |
| Dates associated with a name | 1877-1938 |
| General subdivision | Criticism and interpretation. |
| 942 ## - ADDED ENTRY ELEMENTS (KOHA) | |
| Source of classification or shelving scheme | Dewey Decimal Classification |
| Koha item type | Books |
| Lost status | Source of classification or shelving scheme | Damaged status | Not for loan | Collection code | Permanent Location | Current Location | Shelving location | Date acquired | Source of acquisition | Total Checkouts | Full call number | Date last seen | Copy number | Koha item type | Date checked out | Cost, normal purchase price |
|---|---|---|---|---|---|---|---|---|---|---|---|---|---|---|---|---|
| Dewey Decimal Classification | Non-fiction | Central Library, University of Rajshahi | Central Library, University of Rajshahi | 09/09/1969 | Bangla Academy, Dhaka | B 891.4392 SHI 1964 | 10/08/2016 | C-2 | Books | |||||||
| Dewey Decimal Classification | Non-fiction | Central Library, University of Rajshahi | Central Library, University of Rajshahi | 09/09/1969 | Ranesas Printers | B 891.4392 SHI 1964 | 10/08/2016 | C-3 | Books | |||||||
| Dewey Decimal Classification | Non-fiction | Central Library, University of Rajshahi | Central Library, University of Rajshahi | 09/09/1969 | Ranesas Printers | 1 | B 891.4392 SHI 1964 | 06/05/2017 | C-4 | Books | 27/04/2017 | |||||
| Dewey Decimal Classification | Non-fiction | Central Library, University of Rajshahi | Central Library, University of Rajshahi | 09/09/1969 | Ranesas Printers | B 891.4392 SHI 1964 | 10/08/2016 | C-5 | Books | |||||||
| Dewey Decimal Classification | Non-fiction | Central Library, University of Rajshahi | Central Library, University of Rajshahi | 09/09/1969 | Ranesas Printers | B 891.4392 SHI 1964 | 10/08/2016 | C-6 | Books | |||||||
| Dewey Decimal Classification | Non-fiction | Central Library, University of Rajshahi | Central Library, University of Rajshahi | 09/09/1969 | Ranesas Printers | 1 | B 891.4392 SHI 1964 | 10/07/2017 | C-7 | Books | 02/05/2017 | |||||
| Dewey Decimal Classification | Non-fiction | Central Library, University of Rajshahi | Central Library, University of Rajshahi | 09/09/1969 | Ranesas Printers | B 891.4392 SHI 1964 | 10/08/2016 | C-8 | Books | |||||||
| Dewey Decimal Classification | Non-fiction | Central Library, University of Rajshahi | Central Library, University of Rajshahi | 09/09/1969 | Ranesas Printers | B 891.4392 SHI 1964 | 10/08/2016 | C-9 | Books | |||||||
| Dewey Decimal Classification | Non-fiction | Central Library, University of Rajshahi | Central Library, University of Rajshahi | 09/09/1969 | Ranesas Printers | B 891.4392 SHI 1964 | 10/08/2016 | C-10 | Books | |||||||
| Dewey Decimal Classification | Not For Loan | Non-fiction | Central Library, University of Rajshahi | Central Library, University of Rajshahi | Reading Room | 21/01/1965 | Ideal Library | B 891.4392 SHI 1964 | 17/08/2016 | C-1 | Books | 4.50 |